| 000 | 00634nam a2200205 u 4500 | ||
|---|---|---|---|
| 005 | 20230602063745.0 | ||
| 008 | 100517s2003 mx r 000 0 spa d | ||
| 020 | _a9686871160 | ||
| 035 | _aUPN01000175871 | ||
| 049 | _aCG | ||
| 050 | 4 |
_aPQ7297 R4.6 _bC8a 2003 |
|
| 100 | 1 |
_aRiva Palacio, Vicente, _d1832-1896 |
|
| 245 | 1 | 0 |
_aCuentos del general / _cVicente Riva Palacio ; pról. María Teresa Solórzano Ponce ; epílogo Manuel Toussaint. |
| 250 | _a2a ed. | ||
| 260 |
_aMéxico : _bFactoria, _c2003. |
||
| 300 |
_a186 p. : _bil. |
||
| 440 | 3 |
_aLa serpiente emplumada ; _v8 |
|
| 650 | 4 |
_aNovela mexicana _94557 |
|
| 905 | _aLibro | ||
| 999 |
_c147974 _d147974 |
||